| 000 | nam a22 a 4500 | ||
|---|---|---|---|
| 999 |
_c459 _d459 |
||
| 003 | BLK | ||
| 005 | 20230405162251.0 | ||
| 008 | 180412b bul|||||r ||||||| ||bul|| | ||
| 010 | _aKNG00000739000 | ||
| 020 | _a954-8240-02-5 | ||
| 040 | _aBLK | ||
| 041 |
_aBUL _cBUL |
||
| 080 |
_aАмериканска литература (на САЩ) _b821.111(73) _x-31 _z821.111(73)-31 |
||
| 100 | 1 |
_aГришам, Джон _eпърви автор _956458 |
|
| 139 |
_aГришам, Джон _bГ 84 |
||
| 245 | 1 | 0 |
_aВерсия Пеликан _bРоман _cДжон Гришам; прев. от англ. Кристин Петрова Василева. |
| 257 | _aUSA | ||
| 260 |
_aСофия _bОбсидиан _c1992 _fВраца : Полипринт _n954-8240-02-5 |
||
| 300 |
_a368 с. _c20 см |
||
| 380 | _aX | ||
| 500 | _aОриг. загл. The Pelican Brief / John Grisham. - Офс. изд. - 20 000 тир. | ||
| 653 | _aтрилъри | ||
| 653 | _aромани | ||
| 700 | 1 |
_aВасилева, Кристин Петрова _eпрев. от англ. _9242447 |
|
| 852 |
_aЦб 172296 _bЦб |
||
| 856 | 4 |
_qpdf _u _i0.00 _ldisable |
|
| 856 | 4 |
_qpdf _u _i0.00 _ldisable |
|
| 942 |
_cKNG _n0 _s1 |
||
| 944 |
_aCR _c15.01.2003 _kAdministrator_AB |
||
| 944 |
_aED _c03.02.2017 |
||
| 999 | _d459 | ||